000 00406nam a2200169Ia 4500
001 14433
005 20260306164914.0
008 260306t9999||||xx |||||||||||||| ||spa||
041 _aESP
082 _a515
_bC33 T. 3
100 _aCastro Zarate, Juan
_eAUT
245 0 _aSolucionario de análisis matemático
300 _aT. 3
_c20 cm.
650 _aGEN
654 _aCMA
942 _cLIB
_dJUS
_fJUS
_2ddc
_n
999 _c14433
_d14433